[Event "Manresa op 31st"]
[Site "Manresa"]
[Date "2014.09.20"]
[Round "1"]
[White "Colom Serra, Oriol"]
[Black "Alvarez Jaen, Albert"]
[Result "0-1"]
[WhiteElo "1809"]
[BlackElo "2030"]
[PlyCount "43"]
[EventDate "2014.09.20"]
[EventType "swiss"]
[EventRounds "8"]
[EventCountry "ESP"]
[SourceTitle "EXT 2016"]
[Source "ChessBase"]
[SourceDate "2015.10.08"]
[SourceVersion "1"]
[SourceVersionDate "2015.10.08"]
[SourceQuality "1"]

1. e4 e5 2. Nf3 Nf6 3. Nxe5 d6 4. Nf3 Nxe4 5. d4 d5 6. Bd3 Bd6 7. 0-0 0-0 8. c4 c6 9. Qc2 Re8 10. Re1 Bg4 11. Bxe4 dxe4 12. Rxe4 Bxf3 13. gxf3 Na6 14. Bd2 Qf6 15. Kg2 Qg6+ 16. Kh1 Qh5 17. Bf4 Qxf3+ 18. Kg1 Bxf4 19. Nc3 Nb4 20. Qd1 Qxd1+ 21. Rxd1 Rxe4 22. Nxe4 0-1